লোডিং...

Bitunicate ascomycetes and therir anamorphs

গ্রন্থ-পঞ্জীর বিবরন
প্রধান লেখক: Sivanesan, A
বিন্যাস: Printed Book
প্রকাশিত: International Books & Periodical Supply Service, New Delhi 1983
বিষয়গুলি:
LEADER 00585nam a2200193 4500
020 |c 1036 
082 |a 579.56 SIV-B 
100 |a Sivanesan, A 
245 |a Bitunicate ascomycetes and therir anamorphs 
250
260 |a International Books & Periodical Supply Service, New Delhi  |c 1983 
300 |a 700 
490
500
590 |a adithyadev  |b 2011-04-06 16:54:13  |c 1036 
650 |a Ascomycetes, fungi 
942 |c BK 
999 |c 96189  |d 96189 
952 |0 0  |1 0  |4 0  |6 579_560000000000000_SIVB  |7 0  |9 109657  |a AQU  |b AQU  |g 1036.00  |l 0  |o 579.56 SIV-B  |p AQU02553  |r 2019-09-25  |w 2019-09-25  |y BK